000 00297nam a22001337a 4500
008 170308b xxu||||| |||| 00| 0 eng d
020 _a9780323016209
041 _aeng
080 _a611
100 _a6
101 _aSHM
245 _aCASE REVIEW MUSCULOSKELETAL IMAGING
_cYU, J
942 _2udc
_cBK
999 _c7065
_d7065